00743nam a2200169 a 450000100100000000500170001000800410002702000180006824501050008626000920019130000350028350000870031870000330040595201050043899900170054304000130056000004267220201002040321.0140204s2013 dr ac 000 0 spa d a978994500898210aHomenaje a Pedro Mir :bI centenario de su natalicio 1913-2013 /ccompilador editor Ramón Perdomo. aSan Pedro de Macorís, República Dominicana :bMinisterio de Salud Pública,c2013. a89 p. :bil., retrs. ;c22 cm. aEscritores invitados Joel Rivera, Petronila Angélina Gómez, Hugo Mir Ramírez1 aPerdomo, Ramóneed.917744 0010718PDaPDbPDcCTd2014-02-04iLF1l0o p42672-10r2020-06-25w2020-06-25yLFPDZNo se presta c42161d42161 aDO-SdBNP